Catálogo
 En Linea

La transición del liderazgo político dominicano : (Registro nro. 21839)

Detalles MARC
000 -CABECERA
campo de control de longitud fija 02198nam a2200265 a 4500
001 - NÚMERO DE CONTROL
campo de control 000022341
003 - IDENTIFICADOR DEL NÚMERO DE CONTROL
campo de control OSt
005 - FECHA Y HORA DE LA ÚLTIMA TRANSACCIÓN
campo de control 20250621074006.0
008 - DATOS DE LONGITUD FIJA--INFORMACIÓN GENERAL
campo de control de longitud fija 100930s1998 dr ac 000 0 spa d
040 ## - FUENTE DE LA CATALOGACIÓN
Centro catalogador/agencia de origen DO-SdBNP
Lengua de catalogación spa
Centro/agencia transcriptor BNPHU
082 ## - NÚMERO DE LA CLASIFICACIÓN DECIMAL DEWEY
Número de clasificación 324.22
Número de documento/Ítem E56t
100 1# - ENTRADA PRINCIPAL--NOMBRE DE PERSONA
Nombre de persona Encarnación Jiménez, Pedro,
Fechas asociadas al nombre 1959-
9 (RLIN) 2557
245 13 - MENCIÓN DE TÍTULO
Título La transición del liderazgo político dominicano :
Resto del título crisis de liderazgo, opciones y frustraciones /
Mención de responsabilidad, etc. Pedro Encarnación Jiménez.
260 ## - PUBLICACIÓN, DISTRIBUCIÓN, ETC.
Lugar de publicación, distribución, etc. Santo Domingo :
Nombre del editor, distribuidor, etc. Editora de Colores,
Fecha de publicación, distribución, etc. 1998.
300 ## - DESCRIPCIÓN FÍSICA
Extensión 159 p. :
Otras características físicas il., retrs. ;
Dimensiones 22 cm.
500 ## - NOTA GENERAL
Nota general Incluye datos biográficos del autor en la contracubierta
500 ## - NOTA GENERAL
Nota general Incluye referencias bibliográficas y notas al pie de las páginas
504 ## - NOTA DE BIBLIOGRAFÍA, ETC.
Nota de bibliografía, etc. Bibliografía : p. 157-159
505 0# - NOTA DE CONTENIDO CON FORMATO
Nota de contenido con formato Crisis de liderazgo e invasión haitiana --
Título Caudillismo y anexionismo en la Formación del Estado Dominicano --
-- La formación del liderazgo político durante, La Primera República --
-- Santana Vs. Báez y el liderazfo conservador --
-- Duarte y el liderazgo liberal --
-- Luperón contra Báez y el nuevo liderazgo restaurador --
-- Ulises Heureaux: la negación de los principios --
-- Liberales de los líderes azules --
-- Horacio Vásquez contra Juan I. Jimenes --
-- Crisis institucional e intervención imperialista --
-- Vacío de liderazgo y dominación extranjera --
-- El liderazgo caudillista y absorbente de Trujillo --
-- Balaguer contra Bosch: el liderazgo intelectual e institucional --
-- Balaguer y el liderazgo pragmático-conservador --
-- Bosch y el liderazgo teórico-liberal --
-- La formación de liderazgo emergente en Santo Domingo --
-- Peña Gómez contra Leonel Fernández: Social democracia Vs. Neoliberalismo --
-- Ausencia de liderazgo en Santo Domingo --
-- Hacia la transición de un liderasgo colegiado --
-- El revelo de Juan Bosch en el PLD --
-- La sucesión política de Balaguer en el PRSC --
-- Discurso del Padre Meriño ante la Asamblea Nacional con motivo de la juramentación del Presidente Báez.
590 ## - NOTA LOCAL (RLIN)
Nota local Inventariado, 2018/BT
650 #4 - PUNTO DE ACCESO ADICIONAL DE MATERIA--TÉRMINO DE MATERIA
Término de materia o nombre geográfico como elemento de entrada Liderazgo político
9 (RLIN) 678
651 #0 - PUNTO DE ACCESO ADICIONAL DE MATERIA--NOMBRE GEOGRÁFICO
Nombre geográfico República Dominicana
Subdivisión general Política y gobierno
9 (RLIN) 45
910 ## - DATOS DE OPCIÓN DEL USUARIO (OCLC)
Datos de opción del usuario Validado. Control de calidad. MFF
942 ## - ELEMENTOS DE PUNTO DE ACCESO ADICIONAL (KOHA)
Fuente del sistema de clasificación o colocación Dewey Decimal Classification
Tipo de ítem Koha Libro
Existencias
Estado de retiro Estado de pérdida Fuente del sistema de clasificación o colocación Restricciones de uso No para préstamo Código de colección Localización permanente Ubicación/localización actual Ubicación en estantería Fecha de adquisición Total de préstamos Signatura topográfica completa Código de barras Fecha visto por última vez Número de copia Precio válido a partir de Tipo de ítem Koha Fuente de adquisición Nota pública
    Dewey Decimal Classification Préstamo en sala   Dominicana de Servicio Biblioteca Nacional Pedro Henríquez Ureña Biblioteca Nacional Pedro Henríquez Ureña Depósito 30.09.2010   BNPHU DS 324.22 E56t 22341-30 25.06.2020 e. 3 25.06.2020 Libro    
    Dewey Decimal Classification Excluido de préstamo   Patrimonio Dominicano Biblioteca Nacional Pedro Henríquez Ureña Biblioteca Nacional Pedro Henríquez Ureña Depósito 30.09.2010   BNPHU PD 324.22 E56t 22341-10 25.06.2020   25.06.2020 Libro    
    Dewey Decimal Classification Excluido de préstamo   Patrimonio Dominicano Biblioteca Nacional Pedro Henríquez Ureña Biblioteca Nacional Pedro Henríquez Ureña Depósito 30.09.2010   BNPHU PD 324.22 E56t 22341-20 25.06.2020 e. 2 25.06.2020 Libro    
    Dewey Decimal Classification Préstamo en sala   Dominicana de Servicio Biblioteca Nacional Pedro Henríquez Ureña Biblioteca Nacional Pedro Henríquez Ureña Depósito 28.10.2024   BNPHU DS 324.22 E56t 2024-6172 28.10.2024 e.4 28.10.2024 Libro Donado por la Presidencia de la República Dominicana 2023. Perteneció a la biblioteca personal de Emilio Cordero Michel.

Con tecnología Koha